000 01291cam a22002651i 4500
003 SA-RiAUC
005 20251103120534.0
008 251101s1964 su f l f000 0 ara c
040 _aSA-JeALM
_bara
_cSA-RiAUC.
_erda
043 _aa-su---
082 0 4 _a346.53108231
090 _a 346.53108231
_bس ع و
110 2 _aالسعودية .البنك الزراعي العربي السعودي
_eمؤلف.
245 1 0 _aنظام البنك الزراعي السعودي رقم 58 لسنة 1382 هـ /
_cالبنك الزراعي السعودي.
246 3 _aنظام البنك الزراعي العربي السعودي رقم ثمانية وخمسون لسنة 1382 هـ. واللائحة للأصول العامة وشروط الائتمان، 1384-1964
264 1 _aالرياض :
_bالبنك الزراعي العربي السعودي،
_c1964
300 _a16صفحة؛
_c24 سم.
336 _aنص
_btxt
_2rdacontent
_3كتاب
337 _aبدون وسيط
_bn
_2rdamedia
338 _aمجلد
_bnc
_2rdacarrier
610 2 7 _aالبنك الزراعي العربي السعودي
_vقوانين داخلية
_2aucnm
650 7 _aالبنوك الزراعية
_zالسعودية
_vلوائح
_2aucsh
942 _2ddc
_cBOOK
_n0
949 _aSA-JeALM
_d251101
_umohamedma123
_n1
999 _c12968
_d12968